[Event "4NCL Online Division 4"]
[Site "online"]
[Date "2020.06.02"]
[Round "9.113"]
[White "Zakarian, Dimitrios Levon"]
[Black "Hayali, Laith"]
[Result "0-1"]
[WhiteElo "1877"]
[BlackElo "1757"]
[PlyCount "110"]
[EventDate "2020.06.02"]
[WhiteTeam "Oxford 3"]
[BlackTeam "Hatch End A"]

1. d4 Nf6 2. c4 e6 3. Nf3 Bb4+ 4. Nbd2 O-O 5. a3 Be7 6. e4 d5 7. e5 Nfd7 8.
cxd5 exd5 9. Bd3 c5 10. dxc5 Nc6 11. Qc2 g6 12. e6 Nxc5 13. exf7+ Rxf7 14. O-O
Nxd3 15. Qxd3 Bf5 16. Qb5 Bf6 17. Nb3 d4 18. Bf4 a6 19. Qe2 d3 20. Qd2 Qd5 21.
Nc1 Rc8 22. Rd1 Nd4 23. Nxd3 Qxf3 24. gxf3 Nxf3+ 25. Kg2 Nxd2 26. Rxd2 Rd7 27.
Rad1 Rcd8 28. Nc5 Rxd2 29. Rxd2 Rxd2 30. Bxd2 Bxb2 31. a4 Ba3 32. Be3 b5 33.
axb5 axb5 34. Na6 Bd6 35. Bc5 Bxc5 36. Nxc5 Kf7 37. Kf3 b4 38. Ke3 Kf6 39. h4
Ke5 40. Na4 Bc2 41. Nb2 Kf5 42. f3 b3 43. Nc4 h5 44. Nd6+ Kf6 45. Nc4 g5 46.
hxg5+ Kxg5 47. Nb2 h4 48. Kf2 Kf4 49. Nc4 h3 50. Nb2 Bg6 51. Nc4 Bh5 52. Nb2
Bxf3 53. Nd3+ Ke4 54. Nc5+ Kd5 55. Kxf3 Kxc5 0-1

[Event "4NCL Online Division 4"]
[Site "online"]
[Date "2020.06.02"]
[Round "9.114"]
[White "Pattni, Kishan"]
[Black "Bush, Ian"]
[Result "1-0"]
[WhiteElo "1757"]
[BlackElo "1870"]
[PlyCount "135"]
[EventDate "2020.06.02"]
[WhiteTeam "Hatch End A"]
[BlackTeam "Oxford 3"]

1. Na3 Nf6 2. c4 d6 3. d4 c5 4. d5 e6 5. g3 exd5 6. cxd5 g6 7. Bg2 a6 8. Bg5
Bg7 9. e4 O-O 10. Ne2 b5 11. O-O Nbd7 12. f4 Re8 13. Nc2 Qb6 14. Qd3 Bb7 15.
Bxf6 Nxf6 16. Rae1 Nd7 17. b3 Rac8 18. Bh3 Rc7 19. Rf2 Nf6 20. Bg2 Rce7 21. Nc3
Ng4 22. Nd1 Nxf2 23. Nxf2 Qa5 24. a3 Qc3 25. Qxc3 Bxc3 26. Rd1 Bc8 27. Rd3 Bg7
28. e5 Bf5 29. Be4 Rd7 30. g4 Bxe4 31. Nxe4 c4 32. bxc4 bxc4 33. Rd1 dxe5 34.
f5 gxf5 35. gxf5 Red8 36. Ne3 Kf8 37. Kf2 Bh6 38. Ng4 Bf4 39. Ngf6 Rb7 40. d6
Rb2+ 41. Kf3 Rb3+ 42. Kg4 c3 43. Rg1 c2 44. Kh4 Rg3 45. hxg3 c1=Q 46. Rxc1 Bxc1
47. a4 h6 48. Ng4 Ba3 49. Nxh6 Bxd6 50. g4 Kg7 51. g5 Ba3 52. Kh5 Rd1 53. f6+
Kf8 54. Nc3 Rd4 55. Nf5 Rf4 56. Ng3 Rf3 57. Nce4 Bb4 58. g6 fxg6+ 59. Kxg6 Ra3
60. Nf5 Ra1 61. Ng5 Rg1 62. Ng7 Rxg5+ 63. Kxg5 e4 64. Kg6 e3 65. f7 Ke7 66.
Nf5+ Kd7 67. Nxe3 Kc7 68. Nd5+ 1-0

[Event "4NCL Online Division 4"]
[Site "online"]
[Date "2020.06.02"]
[Round "9.121"]
[White "Bozinakis, Pavlos"]
[Black "Retallick, Lloyd"]
[Result "1-0"]
[WhiteElo "2216"]
[BlackElo "2065"]
[PlyCount "121"]
[EventDate "2020.06.02"]
[WhiteTeam "Phones Pals"]
[BlackTeam "East Cornwall Killers"]

1. d4 d5 2. c4 e6 3. Nf3 Nf6 4. Nc3 Be7 5. Bg5 c6 6. e3 Ne4 7. Bxe7 Nxc3 8.
bxc3 Qxe7 9. Bd3 Nd7 10. cxd5 exd5 11. O-O O-O 12. c4 Nf6 13. Ne5 Be6 14. c5 g6
15. Qc2 Ng4 16. Nxg4 Bxg4 17. h3 Bd7 18. Rab1 Rab8 19. Qa4 a6 20. Qc2 Qg5 21.
f4 Qe7 22. Qf2 Bf5 23. Bxf5 gxf5 24. Rb3 Rbc8 25. Qf3 Rc7 26. Qh5 Qd7 27. Qg5+
Kh8 28. Qf6+ Kg8 29. Rf3 Re8 30. Qh6 Re6 31. Rg3+ Rg6 32. Rg5 Qe7 33. h4 Kh8
34. Qh5 Qe4 35. Qf3 f6 36. Rxg6 hxg6 37. Qxe4 fxe4 38. g4 Kg7 39. Kf2 f5 40.
Kg3 fxg4 41. Kxg4 Kf6 42. Rb2 Rh7 43. Rb1 Rf7 44. Rf1 Rg7 45. Rh1 Rg8 46. Rh3
Rg7 47. Rg3 Rg8 48. Rg2 Rg7 49. Kh3 Rg8 50. h5 g5 51. h6 g4+ 52. Rxg4 Rh8 53.
Rh4 Kf5 54. h7 Kg6 55. Kg4 Rxh7 56. f5+ Kg7 57. f6+ Kg6 58. Rxh7 Kxh7 59. Kf5
Kg8 60. Ke6 Kf8 61. f7 1-0

[Event "4NCL Online Division 4"]
[Site "online"]
[Date "2020.06.02"]
[Round "9.122"]
[White "Trudeau, Gary"]
[Black "McIntyre, John W"]
[Result "1/2-1/2"]
[WhiteElo "1870"]
[BlackElo "1912"]
[PlyCount "139"]
[EventDate "2020.06.02"]
[WhiteTeam "East Cornwall Killers"]
[BlackTeam "Phones Pals"]

1. e4 c6 2. Nc3 d5 3. Qf3 e6 4. d3 Bd6 5. d4 dxe4 6. Nxe4 Nf6 7. Bg5 Qa5+ 8.
Bd2 Qd8 9. Nxf6+ Qxf6 10. Qxf6 gxf6 11. Nf3 Nd7 12. Bd3 b6 13. O-O-O Bb7 14.
Rhe1 O-O-O 15. g3 c5 16. Be4 cxd4 17. Bxb7+ Kxb7 18. Nxd4 Ne5 19. f4 Nc6 20.
Bc3 Nxd4 21. Bxd4 Be7 22. f5 e5 23. Re4 h5 24. Bf2 Kc7 25. Rc4+ Kb7 26. Rxd8
Bxd8 27. Rh4 Bc7 28. g4 Rg8 29. gxh5 Rh8 30. h6 b5 31. Be3 Bb6 32. Kd2 Bxe3+
33. Kxe3 Kc6 34. Ke4 Kd6 35. c3 Rc8 36. Kd3 Rh8 37. b3 Kc5 38. h7 Kd5 39. c4+
bxc4+ 40. bxc4+ Kc5 41. Rh6 e4+ 42. Kxe4 Kxc4 43. Rxf6 Rxh7 44. Rc6+ Kb5 45.
Rc2 Rh5 46. Ke5 Rh6 47. Rc7 Kb6 48. Rc2 a5 49. Kf4 f6 50. Ke4 Kb5 51. Kd5 a4
52. Rb2+ Ka6 53. Ke6 Ka5 54. Kf7 a3 55. Rc2 Rh7+ 56. Kxf6 Rb7 57. Rc5+ Ka4 58.
Kg6 Rb2 59. f6 Rxa2 60. f7 Rg2+ 61. Rg5 Rf2 62. Rf5 Rg2+ 63. Kf6 a2 64. f8=Q
a1=Q+ 65. Kf7 Qa2+ 66. Kf6 Qb2+ 67. Kf7 Qa2+ 68. Kf6 Qb2+ 69. Kf7 Qa2+ 70. Kf6
1/2-1/2

[Event "4NCL Online Division 4"]
[Site "online"]
[Date "2020.06.02"]
[Round "9.123"]
[White "Shah, Dipen"]
[Black "Hill, Michael"]
[Result "1-0"]
[WhiteElo "1501"]
[BlackElo "1727"]
[PlyCount "99"]
[EventDate "2020.06.02"]
[WhiteTeam "Phones Pals"]
[BlackTeam "East Cornwall Killers"]

1. d4 d5 2. Nf3 e6 3. c4 Nf6 4. Nc3 dxc4 5. e3 c6 6. Bxc4 Nbd7 7. O-O b5 8. Bd3
Bb7 9. a3 Be7 10. h3 a6 11. Bd2 Rc8 12. Rc1 O-O 13. Ne2 c5 14. Qe1 Bxf3 15. Ba5
Qe8 16. gxf3 c4 17. Bc2 Nb8 18. f4 Qd7 19. Kh2 Nc6 20. Bd2 g6 21. Rg1 Nh5 22.
Be4 Ng7 23. Ng3 Rfd8 24. Bf3 Bf6 25. Bc3 Ne7 26. Ne4 Nd5 27. Nxf6+ Nxf6 28. e4
Qc7 29. Qd2 Qa7 30. d5 Nfe8 31. Qe3 Qxe3 32. fxe3 exd5 33. exd5 Nd6 34. e4 Re8
35. e5 Ndf5 36. d6 Rcd8 37. Rcd1 Nh4 38. Bc6 Ne6 39. Rgf1 Nf5 40. Bxe8 Ne3 41.
Bc6 Nxf1+ 42. Rxf1 Nc5 43. Ba5 Rc8 44. d7 Nxd7 45. Bxd7 Rc5 46. Rd1 Kg7 47. Bc3
Kh6 48. Rd6 Kh5 49. Be8 Kh4 50. Bxf7 1-0

[Event "4NCL Online Division 4"]
[Site "online"]
[Date "2020.06.02"]
[Round "9.124"]
[White "Kirkman, Nigel J"]
[Black "Narang, Vishal"]
[Result "1-0"]
[WhiteElo "1795"]
[BlackElo "1487"]
[PlyCount "95"]
[EventDate "2020.06.02"]
[WhiteTeam "East Cornwall Killers"]
[BlackTeam "Phones Pals"]

1. Nf3 d5 2. c4 c6 3. b3 Nf6 4. g3 Bf5 5. Bg2 Nbd7 6. O-O e5 7. Nh4 Be6 8. d3
Be7 9. Ba3 c5 10. Bb2 Rb8 11. Nf3 Qc7 12. Nc3 a6 13. Ng5 d4 14. Nxe6 fxe6 15.
Ne4 Nxe4 16. Bxe4 O-O 17. e3 Nf6 18. Bg2 Bd6 19. e4 Qf7 20. Bc1 Qg6 21. Bd2 b6
22. Rb1 a5 23. a4 Ng4 24. Qe2 Rbe8 25. f3 Nf6 26. Kh1 Qh5 27. Rf2 Qg6 28. Rg1
Nd7 29. Qf1 Rf6 30. Bh3 Qh5 31. Bg4 Qg6 32. Qh3 Ref8 33. Bh5 Qh6 34. Bxh6 Rxh6
35. g4 Rff6 36. g5 Rxh5 37. Qxh5 Rg6 38. h4 Nf8 39. Qg4 h6 40. Qh5 Kh7 41. gxh6
Rxh6 42. Qg5 Rg6 43. Qd8 Rh6 44. Rh2 Ng6 45. Qxd6 Rh5 46. Qxe6 Nf4 47. Qf7 Ng6
48. Qxg6+ 1-0

[Event "4NCL Online Division 4"]
[Site "online"]
[Date "2020.06.02"]
[Round "9.131"]
[White "Kolbusz, George"]
[Black "Spiller, Paul"]
[Result "1/2-1/2"]
[WhiteElo "1892"]
[BlackElo "1900"]
[PlyCount "46"]
[EventDate "2020.06.02"]
[WhiteTeam "Shropshire 3"]
[BlackTeam "Clevedon"]

1. d4 f5 2. g3 Nf6 3. Nf3 e6 4. Bg2 d5 5. O-O c6 6. c4 Be7 7. b3 O-O 8. Bb2 Ne4
9. Ne5 Nd7 10. Nd3 Ndf6 11. f3 Ng5 12. Nd2 Nf7 13. Qc2 g5 14. Rae1 Nh5 15. e4
f4 16. g4 Nf6 17. e5 Ne8 18. c5 Bd7 19. b4 Nh8 20. Nb3 Ng6 21. Rf2 Nh4 22. Bf1
Nc7 23. a4 Qe8 1/2-1/2

[Event "4NCL Online Division 4"]
[Site "online"]
[Date "2020.06.02"]
[Round "9.132"]
[White "Bellingham, Andy"]
[Black "Walker, Kate"]
[Result "1-0"]
[WhiteElo "1885"]
[BlackElo "1705"]
[PlyCount "50"]
[EventDate "2020.06.02"]
[WhiteTeam "Clevedon"]
[BlackTeam "Shropshire 3"]

1. d4 d5 2. c4 c6 3. Nc3 Nf6 4. Bg5 Nbd7 5. e3 e6 6. Nf3 Bd6 7. Bd3 O-O 8. O-O
Bb8 9. Qc2 a6 10. Bxh7+ Kh8 11. Bd3 Qc7 12. Bf4 Qd8 13. Bg3 g6 14. e4 Bxg3 15.
fxg3 dxc4 16. Bxc4 Kg7 17. h3 Rh8 18. e5 Nh5 19. Ne4 Nb6 20. Bd3 Nd5 21. Qd2 b6
22. Bc4 b5 23. Be2 Bb7 24. Nfg5 Rf8 25. Bxh5 gxh5 1-0

[Event "4NCL Online Division 4"]
[Site "online"]
[Date "2020.06.02"]
[Round "9.133"]
[White "Podlesak, Mark"]
[Black "Iles, Stuart P"]
[Result "1-0"]
[WhiteElo "1675"]
[BlackElo "1832"]
[PlyCount "125"]
[EventDate "2020.06.02"]
[WhiteTeam "Shropshire 3"]
[BlackTeam "Clevedon"]

1. d4 d5 2. Nf3 Nc6 3. Bf4 Bg4 4. e3 e6 5. c4 Nf6 6. Nc3 Bd6 7. Bg3 O-O 8. cxd5
exd5 9. Be2 Ne7 10. O-O Bxg3 11. hxg3 c6 12. Ne5 Bxe2 13. Qxe2 Qd6 14. a3 Rae8
15. Qc2 Qe6 16. Ne2 Ne4 17. Nf4 Qc8 18. b4 f6 19. Ned3 b6 20. Rfc1 Qd7 21. a4
Rc8 22. Qb3 Nf5 23. b5 Nd2 24. Qc2 Nc4 25. bxc6 Rxc6 26. Nb4 Rcc8 27. Qe2 Ne7
28. Nbxd5 Nxd5 29. Rxc4 Nxf4 30. gxf4 Qd5 31. Rac1 Qd7 32. Qc2 Rxc4 33. Qxc4+
Kh8 34. Qc6 Qxc6 35. Rxc6 f5 36. Rc7 Ra8 37. Kf1 Kg8 38. Ke2 a6 39. Rb7 b5 40.
axb5 axb5 41. Rxb5 Ra2+ 42. Kf3 g6 43. Rb7 Rd2 44. Rd7 h5 45. g3 Kf8 46. Rb7
Kg8 47. Kg2 Kf8 48. Kf1 Kg8 49. Ke1 Ra2 50. Rc7 Ra1+ 51. Ke2 Ra2+ 52. Kf1 Ra1+
53. Kg2 Ra2 54. Kf3 Ra3 55. d5 Rd3 56. Rd7 Kf8 57. Ke2 Ra3 58. d6 Ra2+ 59. Kd3
Ra3+ 60. Kd4 Ra4+ 61. Ke5 Re4+ 62. Kf6 Ke8 63. Re7+ 1-0

[Event "4NCL Online Division 4"]
[Site "online"]
[Date "2020.06.02"]
[Round "9.134"]
[White "Chindelevitch, Leonid"]
[Black "Hilditch-Love, Daniel"]
[Result "0-1"]
[WhiteElo "1810"]
[BlackElo "1585"]
[PlyCount "120"]
[EventDate "2020.06.02"]
[WhiteTeam "Clevedon"]
[BlackTeam "Shropshire 3"]

1. e4 Nc6 2. d4 d5 3. exd5 Qxd5 4. Be3 e5 5. Nc3 Bb4 6. Nf3 Bg4 7. Be2 O-O-O 8.
O-O Bxc3 9. bxc3 exd4 10. cxd4 Nf6 11. c4 Qd7 12. d5 Bxf3 13. Bxf3 Ne5 14. Be2
Kb8 15. Qb3 c6 16. Bf4 Rhe8 17. dxc6 Qxc6 18. Bf3 Qc7 19. Kh1 Nfd7 20. Rab1 Nb6
21. Rfc1 Rd4 22. Qb5 Re7 23. Bg3 f5 24. c5 Nd5 25. c6 f4 26. cxb7 Qxb7 27. Qxd5
Rxd5 28. Rxb7+ Rxb7 29. Bxf4 Rf7 30. Rb1+ Kc8 31. Bxd5 Rxf4 32. f3 Rd4 33. Be6+
Kc7 34. h3 Kd6 35. Bb3 a5 36. Rd1 Kc5 37. Rxd4 Kxd4 38. Kg1 Nd3 39. Kf1 Kc3 40.
Bg8 h6 41. Ke2 Nf4+ 42. Kf2 Nd3+ 43. Ke3 Nc1 44. g4 Kb2 45. Kd4 a4 46. f4 a3
47. g5 hxg5 48. fxg5 Nxa2 49. h4 Nc1 50. Ke5 Nb3 51. h5 a2 52. h6 gxh6 53. gxh6
a1=Q 54. h7 Kc2+ 55. Kf5 Qh8 56. Kg6 Nc5 57. Kf7 Nd7 58. Kg6 Nf6 59. Kh6 Nxg8+
60. Kg6 Nf6 0-1

[Event "4NCL Online Division 4"]
[Site "online"]
[Date "2020.06.02"]
[Round "9.141"]
[White "Robbings, Andrew MJ"]
[Black "Whalley, Mark E"]
[Result "1/2-1/2"]
[WhiteElo "2027"]
[BlackElo "1712"]
[PlyCount "141"]
[EventDate "2020.06.02"]
[WhiteTeam "Wantage"]
[BlackTeam "Urmston"]

1. e4 c6 2. d4 d5 3. e5 c5 4. c3 Nc6 5. Bb5 Qb6 6. Bxc6+ bxc6 7. dxc5 Qxc5 8.
Ne2 Ba6 9. O-O e6 10. b4 Qb5 11. Re1 Ne7 12. Nd4 Qb7 13. Nd2 Ng6 14. N2b3 Qc7
15. Nf3 c5 16. a3 Be7 17. Bg5 cxb4 18. Bxe7 Nxe7 19. axb4 Bc4 20. Nc5 O-O 21.
Nd2 Bb5 22. Ndb3 Nc6 23. Nd4 Bc4 24. Nxc6 Qxc6 25. Ra5 Rfb8 26. Qd4 Rb5 27.
Rea1 Rxa5 28. Rxa5 a6 29. h4 Qc7 30. f4 Qe7 31. g3 h5 32. Qd1 g6 33. Qa1 Qc7
34. Kh2 Kg7 35. Qd1 Qc6 36. Qd4 Qc7 37. Na4 Qc6 38. Qc5 Rc8 39. Qxc6 Rxc6 40.
Nc5 Bb5 41. Kg2 Kf8 42. Kf2 Ke7 43. Ke3 Kd8 44. Kd4 Kc7 45. Ke3 Bc4 46. Kf3 Bb5
47. Ra1 Kb6 48. g4 Rc7 49. gxh5 gxh5 50. Rg1 a5 51. Rg5 axb4 52. cxb4 Ra7 53.
Rxh5 Ra3+ 54. Kf2 Ra2+ 55. Ke3 Rb2 56. Nxe6 fxe6 57. Rh6 Bd7 58. f5 Rb3+ 59.
Kf2 Rb2+ 60. Ke3 Rb3+ 61. Kd2 Rxb4 62. fxe6 Be8 63. Rh8 Ba4 64. e7 Rc4 65. e8=Q
Bxe8 66. Rxe8 Rxh4 67. Kd3 Kc6 68. Re6+ Kc5 69. Re8 Re4 70. Rc8+ Kb5 71. Rd8
1/2-1/2

[Event "4NCL Online Division 4"]
[Site "online"]
[Date "2020.06.02"]
[Round "9.142"]
[White "Bitlloch, Jordi"]
[Black "Carter, John P"]
[Result "0-1"]
[WhiteElo "1735"]
[BlackElo "1802"]
[PlyCount "94"]
[EventDate "2020.06.02"]
[WhiteTeam "Urmston"]
[BlackTeam "Wantage"]

1. e4 e5 2. Nf3 Nf6 3. Nxe5 Nc6 4. Nxc6 dxc6 5. e5 Ne4 6. d4 Qh4 7. Be3 Bg4 8.
Be2 Bxe2 9. Qxe2 O-O-O 10. Nd2 Nxd2 11. Qxd2 f6 12. O-O fxe5 13. g3 Qh3 14. Qa5
a6 15. dxe5 Rd5 16. Qc3 Qe6 17. f4 g5 18. Rad1 gxf4 19. Bxf4 Bc5+ 20. Kh1 Rhd8
21. Rxd5 Qxd5+ 22. Qf3 Qxa2 23. Qb3 Qxb3 24. cxb3 Bd4 25. e6 Re8 26. Re1 Bxb2
27. Bg5 Ba3 28. Kg2 Rg8 29. Bh4 Rf8 30. Re4 a5 31. g4 h6 32. g5 hxg5 33. Bxg5
Rg8 34. h4 Be7 35. Kf3 Bxg5 36. hxg5 Kd8 37. Kg4 Ke7 38. Kh5 Rh8+ 39. Kg6 Rg8+
40. Kh6 Rh8+ 41. Kg7 Rh3 42. g6 b6 43. Kg8 Rxb3 44. g7 Rg3 45. Kh7 b5 46. Re3
Rxe3 47. g8=Q Rh3+ 0-1

[Event "4NCL Online Division 4"]
[Site "online"]
[Date "2020.06.02"]
[Round "9.143"]
[White "Piggott, Roly"]
[Black "Constantine, Marc"]
[Result "1-0"]
[WhiteElo "1772"]
[BlackElo "1772"]
[PlyCount "93"]
[EventDate "2020.06.02"]
[WhiteTeam "Wantage"]
[BlackTeam "Urmston"]

1. d4 g6 2. c4 Bg7 3. g3 d6 4. Bg2 Nd7 5. Nf3 Ngf6 6. O-O e5 7. dxe5 dxe5 8.
Nc3 O-O 9. Bg5 h6 10. Bd2 Re8 11. e4 c6 12. Qc2 Qc7 13. Rad1 Nf8 14. h3 Be6 15.
b3 Red8 16. Be3 b6 17. c5 b5 18. Rxd8 Rxd8 19. Rd1 b4 20. Rxd8 Qxd8 21. Nb1 Ne8
22. Nbd2 Nd7 23. Nc4 Qc7 24. Qd2 Bxc4 25. bxc4 a5 26. Ne1 Kh7 27. Nd3 Bf8 28.
f4 exf4 29. gxf4 Qa7 30. Qf2 Ndf6 31. e5 Qd7 32. Nb2 Ng8 33. Qf3 Ne7 34. Na4
Qd3 35. Bf1 Qa3 36. Nb6 Nf5 37. Kf2 Qxa2+ 38. Be2 b3 39. Qxc6 Neg7 40. Nd5 Ne6
41. Qe8 Kg7 42. Nf6 b2 43. Qd7 Ne7 44. Ne8+ Kh7 45. Nf6+ Kh8 46. f5 Nxf5 47.
Qxf7 1-0

[Event "4NCL Online Division 4"]
[Site "online"]
[Date "2020.06.02"]
[Round "9.144"]
[White "Randall, Grant"]
[Black "Leake, John"]
[Result "1-0"]
[WhiteElo "1540"]
[BlackElo "1307"]
[PlyCount "67"]
[EventDate "2020.06.02"]
[WhiteTeam "Urmston"]
[BlackTeam "Wantage"]

1. e4 e5 2. Nf3 Nc6 3. Bb5 a6 4. Ba4 b5 5. Bb3 d6 6. c3 Qf6 7. d3 Be6 8. Bc2 g6
9. O-O Bg4 10. Bg5 Qg7 11. h3 Be6 12. Nbd2 Be7 13. Be3 h6 14. d4 Bd7 15. Re1 g5
16. Nh2 h5 17. Ndf1 g4 18. Qd2 gxh3 19. g3 Nh6 20. Kh1 h4 21. Bd1 hxg3 22. Nxg3
Ng4 23. Nxg4 Bxg4 24. Kh2 O-O-O 25. d5 Nb8 26. a4 bxa4 27. Ba7 Bxd1 28. Qxd1
Bh4 29. Rg1 Kd7 30. Qxa4+ Ke7 31. Nf5+ Kf6 32. Rxg7 Bxf2 33. Bxf2 Rh5 34. Rag1
1-0

[Event "4NCL Online Division 4"]
[Site "online"]
[Date "2020.06.02"]
[Round "9.151"]
[White "O'Byrne, Daniel"]
[Black "Voiculescu-Holvad, Stefan"]
[Result "1-0"]
[WhiteElo "1669"]
[BlackElo "1772"]
[PlyCount "169"]
[EventDate "2020.06.02"]
[WhiteTeam "War & Piece"]
[BlackTeam "Surbiton 3"]

1. d4 Nf6 2. Bf4 g6 3. e3 Bg7 4. Bd3 d6 5. Nf3 Nbd7 6. c3 O-O 7. h3 b6 8. Nbd2
Bb7 9. Qc2 Qe8 10. Rg1 e5 11. dxe5 dxe5 12. Bg3 e4 13. Bxc7 exd3 14. Qxd3 Nc5
15. Qc4 Ba6 16. Qh4 Nd3+ 17. Kd1 Nxb2+ 18. Kc2 Na4 19. Be5 Nd5 20. Bxg7 Kxg7
21. c4 Qc6 22. Ne5 Qc5 23. Nd7 Nxe3+ 24. fxe3 Qf5+ 25. Ne4 Qxd7 26. Qf6+ Kg8
27. Rad1 Qf5 28. Qxf5 gxf5 29. Nd6 Rad8 30. Rd4 Nc5 31. Nxf5 Rxd4 32. exd4 Ne6
33. Kc3 Ng7 34. Nh6+ Kh8 35. Rf1 f6 36. Kb4 Bb7 37. d5 Ne8 38. Re1 Nd6 39. Re7
a5+ 40. Kb3 Ba6 41. Kc3 Rc8 42. Re6 Nxc4 43. Kd4 Kg7 44. Nf5+ Kh8 45. Rxf6 Bb7
46. Ne7 Rc7 47. Nf5 Kg8 48. d6 Nxd6 49. Rxd6 Bxg2 50. Rxb6 Bxh3 51. Ne3 Bc8 52.
Rb5 a4 53. Rb4 Bd7 54. Nd5 Ra7 55. Ke5 Kg7 56. a3 Kg6 57. Rh4 h6 58. Nf4+ Kg5
59. Rh5+ Kg4 60. Rxh6 Kf3 61. Nd5 Ra5 62. Rd6 Bb5 63. Kd4 Be2 64. Rd8 Bd1 65.
Re8 Bb3 66. Nb4 Ra7 67. Re3+ Kf2 68. Nd3+ Kg1 69. Nc5 Bc2 70. Re2 Bg6 71. Kc3
Kf1 72. Re6 Bf7 73. Re4 Bb3 74. Nxb3 axb3 75. Kxb3 Rb7+ 76. Rb4 Rc7 77. a4 Rc1
78. a5 Rb1+ 79. Ka4 Ra1+ 80. Kb5 Ke2 81. a6 Rh1 82. a7 Rh8 83. Ra4 Rg8 84. a8=Q
Rxa8 85. Rxa8 1-0

[Event "4NCL Online Division 4"]
[Site "online"]
[Date "2020.06.02"]
[Round "9.152"]
[White "Seymour, Paul"]
[Black "Morrison, Munroe L"]
[Result "1/2-1/2"]
[WhiteElo "1667"]
[BlackElo "1717"]
[PlyCount "39"]
[EventDate "2020.06.02"]
[WhiteTeam "Surbiton 3"]
[BlackTeam "War & Piece"]

1. d4 g6 2. Bf4 Bg7 3. e3 d6 4. Nf3 Nd7 5. Be2 e5 6. Bg3 Qe7 7. O-O f5 8. dxe5
dxe5 9. h3 Ngf6 10. Nc3 c6 11. a4 O-O 12. Re1 h6 13. a5 Kh7 14. Bc4 Nh5 15. Bh2
Nc5 16. Be2 Ne4 17. Nxe4 fxe4 18. Nd2 Nf6 19. c3 Bf5 20. Qc2 1/2-1/2

[Event "4NCL Online Division 4"]
[Site "online"]
[Date "2020.06.02"]
[Round "9.153"]
[White "Chapman, Chas"]
[Black "Subin, Samvrit"]
[Result "0-1"]
[WhiteElo "1675"]
[BlackElo "1652"]
[PlyCount "66"]
[EventDate "2020.06.02"]
[WhiteTeam "War & Piece"]
[BlackTeam "Surbiton 3"]

1. e4 c5 2. Nf3 d6 3. d4 cxd4 4. Nxd4 Nf6 5. Nc3 g6 6. f3 Bg7 7. Be3 O-O 8. Bc4
Nc6 9. Nxc6 bxc6 10. O-O Be6 11. Qe2 Bxc4 12. Qxc4 Rb8 13. b3 d5 14. Qe2 dxe4
15. fxe4 Qa5 16. Bd2 Qc5+ 17. Qf2 Qxf2+ 18. Kxf2 Ng4+ 19. Kg3 Rbd8 20. Be1 Ne3
21. Rf2 Bd4 22. Re2 f5 23. Rb1 f4+ 24. Kf3 g5 25. h3 h5 26. Nd1 g4+ 27. hxg4
hxg4+ 28. Kf2 Nxd1+ 29. Kf1 Ne3+ 30. Kg1 Nxg2+ 31. Kxg2 f3+ 32. Kg3 fxe2 33.
Kxg4 Rf1 0-1

[Event "4NCL Online Division 4"]
[Site "online"]
[Date "2020.06.02"]
[Round "9.154"]
[White "Morrison, Joseph"]
[Black "Thomas, Jacob"]
[Result "1-0"]
[WhiteElo "1495"]
[BlackElo "1457"]
[PlyCount "29"]
[EventDate "2020.06.02"]
[WhiteTeam "Surbiton 3"]
[BlackTeam "War & Piece"]

1. c4 g6 2. Nc3 Bg7 3. g3 d6 4. Bg2 Nf6 5. Nf3 Nc6 6. O-O O-O 7. d4 e5 8. Bg5
exd4 9. Nxd4 Nxd4 10. Qxd4 c5 11. Qh4 Be6 12. Ne4 Bxc4 13. Nxf6+ Bxf6 14. Bxf6
Qb6 15. Qh6 1-0

[Event "4NCL Online Division 4"]
[Site "online"]
[Date "2020.06.02"]
[Round "9.161"]
[White "Chen, Daniel Xingyu"]
[Black "Gurner, Jem"]
[Result "1-0"]
[WhiteElo "1832"]
[BlackElo "1975"]
[PlyCount "107"]
[EventDate "2020.06.02"]
[WhiteTeam "Warwickshire Bears A"]
[BlackTeam "To Be Decided"]

1. e4 g6 2. Nc3 Bg7 3. d4 d6 4. Bc4 e6 5. f4 Nf6 6. e5 dxe5 7. fxe5 Nd5 8. Nf3
O-O 9. Ne4 Nd7 10. O-O c5 11. c3 Qc7 12. Qe2 a6 13. Bd2 b5 14. Bb3 Bb7 15. Nd6
N7b6 16. Ng5 cxd4 17. cxd4 Nc4 18. Bxc4 bxc4 19. Qxc4 Qxc4 20. Nxc4 h6 21. Rxf7
Rxf7 22. Nxf7 Kxf7 23. Nd6+ Ke7 24. Nxb7 Rb8 25. Nc5 Rxb2 26. Bc1 Rb6 27. Ba3
Ke8 28. Rf1 Nc3 29. Nd3 g5 30. Bc5 Rb7 31. g4 Rd7 32. Nb2 Ne2+ 33. Kg2 Nxd4 34.
Nc4 Nb5 35. a4 Rc7 36. axb5 axb5 37. Nd6+ Kd7 38. Rf7+ Kc6 39. Rxc7+ Kxc7 40.
Nxb5+ Kc6 41. Nd4+ Kd5 42. Bb6 Bxe5 43. Ne2 Ke4 44. Bc5 Bg7 45. Ng3+ Kd5 46.
Ba3 Be5 47. Bf8 Bf4 48. Bxh6 e5 49. Nf5 e4 50. h3 Kc4 51. h4 e3 52. Bxg5 e2 53.
Kf2 Bg3+ 54. Nxg3 1-0

[Event "4NCL Online Division 4"]
[Site "online"]
[Date "2020.06.02"]
[Round "9.162"]
[White "Vanjare, Aditya"]
[Black "Pal, Rohan"]
[Result "1-0"]
[WhiteElo "1705"]
[BlackElo "1832"]
[PlyCount "65"]
[EventDate "2020.06.02"]
[WhiteTeam "To Be Decided"]
[BlackTeam "Warwickshire Bears A"]

1. d4 d5 2. Bf4 Nf6 3. e3 e6 4. c3 Bd6 5. Bg3 c5 6. Nf3 Qc7 7. Nbd2 Nbd7 8. Bd3
e5 9. dxe5 Nxe5 10. Nxe5 Bxe5 11. Bxe5 Qxe5 12. Nf3 Qc7 13. O-O O-O 14. Re1 Bg4
15. h3 Bh5 16. Rc1 Rad8 17. b4 b6 18. Qc2 Bxf3 19. gxf3 Qe5 20. f4 Qh5 21. Bf1
Ne4 22. Bg2 Rd6 23. Kh2 Rh6 24. bxc5 bxc5 25. c4 Qh4 26. Re2 f5 27. cxd5 Rff6
28. Qa4 Nd6 29. Rxc5 Kf8 30. Rb2 Kf7 31. Qd7+ Kg6 32. Rc7 Kh5 33. Bf3+ 1-0

[Event "4NCL Online Division 4"]
[Site "online"]
[Date "2020.06.02"]
[Round "9.163"]
[White "Dicen, Imogen"]
[Black "Chadha, Sambhav"]
[Result "0-1"]
[WhiteElo "1847"]
[BlackElo "1706"]
[PlyCount "140"]
[EventDate "2020.06.02"]
[WhiteTeam "Warwickshire Bears A"]
[BlackTeam "To Be Decided"]

1. d4 Nf6 2. c4 g6 3. Nc3 Bg7 4. Nf3 O-O 5. e4 d6 6. Be2 e5 7. dxe5 dxe5 8. Qc2
Re8 9. O-O c6 10. Be3 Nbd7 11. Rad1 Qe7 12. Rd2 h6 13. h3 a5 14. Rfd1 Nc5 15.
b3 Nh5 16. Rd6 Ne6 17. R6d2 Nhf4 18. Bf1 Nc5 19. Rd6 Nfe6 20. R6d2 Kh7 21. a3
a4 22. b4 Nb3 23. Rd3 Nbd4 24. Bxd4 Nxd4 25. Nxd4 exd4 26. Nxa4 Qxe4 27. Nc5
Qe7 28. Qb3 b6 29. Na4 Qa7 30. Nb2 Bf5 31. Rf3 Be4 32. c5 Bxf3 33. Qxf3 bxc5
34. bxc5 Qxa3 35. Bd3 Qxc5 36. Qxf7 Qh5 37. Rc1 Rf8 38. Qe6 Rf6 39. Qb3 Raf8
40. f3 Qg5 41. Qd1 Rxf3 42. Rxc6 R3f6 43. Rc2 Qg3 44. Re2 Rf2 45. Be4 Be5 46.
Rxf2 Rxf2 47. Nd3 Rf8 48. Nxe5 Qxe5 49. Qd3 Qf6 50. Kh2 Qf4+ 51. g3 Qf2+ 52.
Bg2 Qe3 53. Qc2 Rf7 54. h4 d3 55. Qc4 Re7 56. h5 g5 57. Qc6 Qe6 58. Qc3 Qe2 59.
Qf6 Qxh5+ 60. Kg1 Re1+ 61. Bf1 Qg6 62. Qd4 Qf5 63. Qa7+ Kg6 64. Qb6+ Kh5 65.
g4+ Qxg4+ 66. Kf2 Rxf1+ 67. Kxf1 Qe2+ 68. Kg1 d2 69. Qf2 d1=Q+ 70. Qf1 Qdxf1#
0-1

[Event "4NCL Online Division 4"]
[Site "online"]
[Date "2020.06.02"]
[Round "9.164"]
[White "Jaberansari, Daniel"]
[Black "Sandhu, Manvith"]
[Result "1-0"]
[WhiteElo "1645"]
[BlackElo "1885"]
[PlyCount "163"]
[EventDate "2020.06.02"]
[WhiteTeam "To Be Decided"]
[BlackTeam "Warwickshire Bears A"]

1. e4 Nc6 2. d4 d5 3. exd5 Qxd5 4. Nf3 e5 5. Nc3 Bb4 6. Bd2 Bxc3 7. Bxc3 e4 8.
Ne5 Nxe5 9. dxe5 Ne7 10. Be2 O-O 11. O-O Be6 12. Bb4 c5 13. Bc3 Rad8 14. b3
Qxd1 15. Raxd1 Nd5 16. Bb2 Nf4 17. Rde1 Nxe2+ 18. Rxe2 Bf5 19. Bc3 Rd5 20. Rd2
Rxd2 21. Bxd2 Rd8 22. Bc3 e3 23. fxe3 Bxc2 24. Kf2 Be4 25. Rc1 b6 26. g4 Kf8
27. Kg3 g5 28. b4 c4 29. b5 Ke8 30. Bb4 Bd3 31. Bc3 Rd5 32. a4 Kd7 33. Bd4 Ke6
34. Kf3 Rd8 35. Rc3 Kd5 36. Rc1 Rc8 37. Rc3 Bb1 38. Ke2 Ba2 39. Ra3 Bb3 40. Bc3
Ke4 41. a5 Rc5 42. axb6 axb6 43. Bd4 Rxb5 44. Ra6 Ra5 45. Rxb6 Ra2+ 46. Ke1
Rxh2 47. Rf6 Rg2 48. Rxf7 c3 49. Rc7 c2 50. Bb2 Kxe3 51. Rc3+ Ke4 52. Rxb3 Rg1+
53. Kd2 c1=Q+ 54. Bxc1 Rg2+ 55. Ke1 Rg1+ 56. Kd2 Rg2+ 57. Kc3 Rg3+ 58. Kb4
Rxb3+ 59. Kxb3 Kxe5 60. Bxg5 Ke4 61. Bc1 Kf3 62. g5 Kg4 63. Kc4 Kf5 64. Kd5 Kg6
65. Ke6 Kg7 66. Kf5 Kf7 67. Bb2 Kg8 68. Kg4 Kf7 69. Kh5 Kf8 70. Kh6 Kg8 71. Bc3
Kf7 72. Kxh7 Kf8 73. g6 Ke7 74. g7 Kd6 75. g8=Q Kc7 76. Be1 Kb6 77. Qc8 Kb5 78.
Kg6 Kb6 79. Kf5 Kb5 80. Ke5 Kb6 81. Kd5 Kb5 82. Qc5+ 1-0